000 01600nam a2200301Ia 4500
999 _c47125
_d47125
001 13983
003 GE_BSU
005 20241017112335.0
008 181216s2006||||ge |||||||||||||| ||geo||
020 _a9994090704
040 _cGE_BSU
041 _ageo
080 _a616.31-053.2(075.8) ბ-15
100 _aკოლესოვი, ა.ა.
_95369
245 _aბავშვთა ასაკის სტომატოლოგია /
_cა.ა. კოლესოვი; მთარგმნელები: თენგიზ ბინიაშვილი, ნანა მოროზი, თამარ საბაშვილი ; რედაქტორი ირინე გარაყანიძე.
250 _aმე-3 გადამუშავებული გამოცემა
264 _aთბილისი:
_bშპს მთაწმინდელი
_c2006
300 _a428 გვ.;
_b22 სმ.
541 _h21ლ.
653 _aბავშვთა სტომატოლოგია
653 _aმედიცინა
700 _aბინიაშვილი, თენგიზ
_eმთარგმნელი
_923417
700 _aმოროზი, ნანა
_eმთარგმნელი
_95371
700 _aსაბაშვილი, თამარ
_eმთარგმნელი
_95372
700 _aგარაყანიძე, ირინე
_e რედაქტორი
_95373
700 _aეფრემიძე, დავით
_eგამომცემელი
_916487
942 _cBK
_2udc